Numerické metody a matematická statistika /

Hlavní autor: Haluzíková, Anežka
Další autoři: Kudláček, Václav, 1928-, Zástěra, Bohumil
Jazyk: Čeština
Vydáno: Brno : VUT, 1983
Vydání: 2. vyd.
Edice: Učební texty vys. škol
Témata:
Externí odkaz: Digitalizovaný dokument
Fyzický popis: 204 s. : il. ; 29 cm
Knihy
Uloženo v:
LEADER 01588nam a22003972a 4500
001 000153481
003 CZ BrMZK
005 20180925145008.0
007 ta
008 950101s1983 xr f cze d
015 |a cnb000009648 
020 |q (Brož.) :  |c 15,50 Kčs 
035 |a (OCoLC)39570591 
040 |a ABA001  |b cze  |d ABA001  |d BOA001 
080 9 |a 519.21/.22(075.8) 
080 9 |a 519.61/.65(075.8) 
100 1 |a Haluzíková, Anežka  |7 stk2007394172  |4 aut 
245 1 0 |a Numerické metody a matematická statistika /  |c Anežka Haluzíková, Václav Kudláček, Bohumil Zástěra 
250 |a 2. vyd. 
260 |a Brno :  |b VUT,  |c 1983 
300 |a 204 s. :  |b il. ;  |c 29 cm 
490 1 |a Učební texty vys. škol 
500 |a 1800 výt. 
500 |a Pozn. 
500 |a Dostupné též v digitální podobě v aplikaci Kramerius 
504 |a Obsahuje bibliografie 
521 8 |a Určeno pro posl. fak. elektrotechn. 
655 7 |a učebnice vysokých škol  |7 fd133772  |2 czenas 
700 1 |a Kudláček, Václav,  |d 1928-  |7 jk01070653  |4 aut 
700 1 |a Zástěra, Bohumil  |7 ola2009488152  |4 aut 
810 2 |a Vysoké učení technické v Brně.  |t Učební texty vysokých škol  |0 s 
856 4 1 |u http://www.digitalniknihovna.cz/mzk/uuid/uuid:41545920-8ed3-11e7-b175-005056827e52  |y Digitalizovaný dokument  |x NDK 
910 |a BOA001  |b 4-0817.168-83 
990 |a BK 
996 6 |b 2619936140  |c 4-0817.168-83  |l MZK  |r Sklad / do 1 hodiny  |n 12  |w 000153481  |u 000020  |a 1  |e BOA001  |j MZK50  |s P 
996 7 |b 2619950564  |c 4-0817.168-83  |l MZK  |r Sklad / do 1 hodiny  |n 27  |w 000153481  |u 000010  |a 1  |e BOA001  |j MZK50  |s A